000 01016nam a2200277 i 4500
001 182611
003 ES-MaACL
005 20251015185549.0
008 131003s2011 sp a | |||||||| |dspa d
020 _a978-84-92937-18-9
080 _a72.036(5)
080 _a72.036(6)
245 0 0 _aAtlas, arquitecturas del siglo XXI.
_pÁfrica y Oriente Medio /
_cLuis Fernández-Galiano (ed.) ; [traducciones, María Cifuentes, Eduardo Prieto, Lys Villalba].
250 _a1ª ed.
260 _aBilbao :
_bFundación BBVA,
_c2011.
300 _a317 p. :
_bprincipalmente il. col. y n., planos ;
_c30 cm.
650 7 _aArquitectura oriental.
_910040
650 4 _aArquitectura africana.
_9153523
700 1 _aFernández Galiano, Luis A.
_949800
700 1 _aCifuentes, María
_9153524
700 1 _aPrieto, Eduardo J.,
_d1916-
_993878
700 1 _aVillalba, Lys.
_9153525
852 _aES-MaACL
_jA-12859
_9189527
_bR.149072
_cDEPO1
_dOlim: N-5859
942 _2udc
_cMONOGRAFIA
999 _c182611
_d182611